Entry Nombre personal
001 - NÚMERO DE CONTROL
- campo de control: 28358
003 - IDENTIFICADOR DE NÚMERO DE CONTROL
- campo de control: SpMaBN
005 - FECHA Y HORA DE LA ÚLTIMA TRANSACCIÓN
- campo de control: 20250630042123.0
008 - ELEMENTOS DE DATO DE LONGITUD-FIJA
- campo de control de longitud fija: 910101n| aijnnaabn a aaa
016 ## - NÚMERO DE CONTROL DE UNA AGENCIA BIBLIOGRÁFICA NACIONAL
- Número de control del registro: BNE19970385714
024 7# - IDENTIFICADOR DE OTROS ESTÁNDARES
- Número estándar o código: http://viaf.org/viaf/22197031/
- Fuente: viaf
024 7# - IDENTIFICADOR DE OTROS ESTÁNDARES
- Número estándar o código: https://isni.org/isni/0000000121237160
- Fuente: isni
024 7# - IDENTIFICADOR DE OTROS ESTÁNDARES
- Número estándar o código: http://www.wikidata.org/entity/Q713011
- Fuente: wikidata
040 ## - FUENTE DE CATALOGACIÓN
- Centro catalogador/agencia de origen: SpMaBN
- Lengua de catalogación: spa
- Centro/agencia transcriptor: SpMaBN
- Normas de descripción: rdc
- Convención/Normas de encabezamiento de materia/tesauro: embne
046 ## - FECHAS CON CODIFICACIÓN ESPECIAL
- Fecha de nacimiento: 1876
- Fecha de la muerte: 1953
100 1# - ENCABEZAMIENTO-NOMBRE DE PERSONA
- Nombre de persona: Bernstein, Henry,
- Fechas asociadas al nombre: 1876-1953
370 ## - LUGAR ASOCIADO
- Lugar de nacimiento: París
- Número de control del registro de autoridad o número normalizado: XX451222
- Fuente de información: Wikidata
374 ## - OCUPACIÓN
- Ocupación: Guionistas
- Ocupación: Dramaturgos
- Fuente de información: Wikidata
375 ## - GÉNERO/SEXO
- Género: Masculino
- Fuente de información: Wikidata
377 ## - IDIOMA ASOCIADO
- Término de lengua/lenguaje: Francés
400 1# - TRAZADO DE VÉASE--NOMBRE DE PERSONA
- Nombre de persona: Bernstein, Henri,
- Fechas asociadas al nombre: 1876-1953
400 1# - TRAZADO DE VÉASE--NOMBRE DE PERSONA
- Nombre de persona: Bernstein, Henry-Leon-Gustave,
- Fechas asociadas al nombre: 1876-1953
670 ## - FUENTE DE DATOS ENCONTRADOS
- Cita de la fuente: La galerie des glaces, 1925
- Información encontrada: port. (Henry Bernstein)
670 ## - FUENTE DE DATOS ENCONTRADOS
- Cita de la fuente: WWW BNF OPALE-PLUS, 23-08-2004
- Información encontrada: (Bernstein, Henry, (1876-1953); forme rejetée, Henri Bernstein)
670 ## - FUENTE DE DATOS ENCONTRADOS
- Cita de la fuente: Bompiani
- Información encontrada: (Bernstein, Henri-Leon-Gustave; n. 20-6-1876, París, donde m. 28-11-1953; dramaturgo)
